| 000 | 00684nam a22001577a 4500 | ||
|---|---|---|---|
| 003 | OSt | ||
| 005 | 20151002142945.0 | ||
| 008 | 151002b xxu||||| |||| 00| 0 eng d | ||
| 040 | _cRUA | ||
| 082 | _aAGR MOE 2012 B050 Or.1 | ||
| 100 |
_91766 _aMOEUNG, BOPHAYANIKA |
||
| 245 | _aEffect of potassium on yield of different cassava variety in sandy loam soil, ប្រសិទ្ទភាពជីប៉ូតាស្យ៉ូមទៅលើទិន្នផលដំឡូងមីពូជខុសគ្នា ក្នុងលក្ខខណ្ឌដីល្បាយខ្សាច់ | ||
| 260 |
_aPhnom Penh _bRUA _c2012 |
||
| 300 |
_aiii; 43p. _bill. _c29cm. |
||
| 942 |
_2ddc _cAGR |
||
| 999 |
_c1668 _d1668 |
||